000 00775nam a2200241 i 4500
001 5703
003 ES-MaACL
005 20230906144651.0
008 890421s1987 sp ||||1| spa d
020 _a84-206-2510-8
080 _a008(410)
100 1 _aLaslett, Peter.
_970450
245 1 3 _aEl mundo que hemos perdido, explorado de nuevo /
_cPeter Laslett ; versión española de Néstor A. Míguez.
260 _aMadrid :
_bAlianza Editorial,
_c1987.
300 _a332 p. ;
_c20 cm.
490 1 _aAlianza universidad ;
_v510
504 _aBibliografía: p. 328-332.
651 4 _aGran Bretaña-
_xCivilización.
_9144519
700 1 _aMíguez, Néstor.
_981054
830 1 _aAlianza universidad ;
_v510
_9177276
852 _aES-MaACL
_jL-12634
999 _c5703
_d5703